The human antiretroviral (ARVs) drugs use : (Record no. 6032)
[ view plain ]
| 000 -LEADER | |
|---|---|
| fixed length control field | 00690nam a22001937a 4500 |
| 005 - DATE AND TIME OF LATEST TRANSACTION | |
| control field | 20250204104650.0 |
| 008 - FIXED-LENGTH DATA ELEMENTS--GENERAL INFORMATION | |
| fixed length control field | 250204b |||||||| |||| 00| 0 eng d |
| 020 ## - INTERNATIONAL STANDARD BOOK NUMBER | |
| International Standard Book Number | 22/HD03/U/0640 |
| 040 ## - CATALOGING SOURCE | |
| Transcribing agency | None |
| 082 ## - DEWEY DECIMAL CLASSIFICATION NUMBER | |
| Classification number | PG 131 |
| 100 ## - MAIN ENTRY--PERSONAL NAME | |
| Personal name | Tom, Ogwal |
| 9 (RLIN) | 13939 |
| 245 ## - TITLE STATEMENT | |
| Title | The human antiretroviral (ARVs) drugs use : |
| Remainder of title | Prevalence and associated factors among pig farmers in Oyam District / |
| Statement of responsibility, etc. | Ogwal Tom, Nyeko Richard, and Musinguzi Marvin. |
| 260 ## - PUBLICATION, DISTRIBUTION, ETC. | |
| Place of publication, distribution, etc. | Lira University ; |
| Name of publisher, distributor, etc. | Lira University , |
| Date of publication, distribution, etc. | c2024. |
| 300 ## - PHYSICAL DESCRIPTION | |
| Extent | xiii, 59p. : |
| Other physical details | ill. ; |
| Dimensions | 31 cm. |
| 500 ## - GENERAL NOTE | |
| General note | Includes bibliographical references |
| 700 ## - ADDED ENTRY--PERSONAL NAME | |
| Personal name | Richard, Nyeko |
| 9 (RLIN) | 13921 |
| 700 ## - ADDED ENTRY--PERSONAL NAME | |
| Personal name | Marvin, Musinguzi |
| 9 (RLIN) | 13916 |
| 942 ## - ADDED ENTRY ELEMENTS (KOHA) | |
| Source of classification or shelving scheme | Dewey Decimal Classification |
| Koha item type | Post Graduate Dissertations |
| Withdrawn status | Lost status | Source of classification or shelving scheme | Damaged status | Not for loan | Home library | Current library | Shelving location | Date acquired | Total Checkouts | Full call number | Barcode | Date last seen | Price effective from | Koha item type |
|---|---|---|---|---|---|---|---|---|---|---|---|---|---|---|
| Dewey Decimal Classification | Main Library | Faculty of Public Health Library | Reserve Books Section | 02/04/2025 | PG 131 | 2025-0037 | 02/04/2025 | 02/04/2025 | Post Graduate Dissertations | |||||
| Dewey Decimal Classification | Main Library | Main Library | Reserve Books Section | 02/04/2025 | PG 131 | 2025-0036 | 02/04/2025 | 02/04/2025 | Post Graduate Dissertations |